| 000 | 00535 a2200145 4500 | ||
|---|---|---|---|
| 999 |
_c522 _d522 |
||
| 020 | _a8120700252 | ||
| 050 | _aD16.2 KOC 1984 | ||
| 100 |
_aKochhar, S. K _eauthor |
||
| 245 |
_aTeaching of history / _cS.K. Kochhar |
||
| 264 |
_aNew Delhi : Sterling ; New York : _bDistributed by Apt Books, _c1984 |
||
| 300 |
_a388 p., [1] fold. leaf of plates : charts, _bill., maps |
||
| 500 | _aDistributor from label on t.p Bibliography: p. [378]-382 | ||
| 650 |
_aHistory _xStudy and teaching |
||
| 942 |
_2lcc _cBK _h16.2 _iKOC _kD _e2nd rev. and enl. ed |
||